Top 10 des films les plus chers - Statistiques

Statistiques générales
  • Ce quiz a été pris 55 fois
  • Le résultat moyen est 3 sur 10
Statistiques - réponses
Budget Date de sortie Réalisateur Film % Correct
350 000 000 $ 2019 Anthony et Joe Russo Avengers : Endgame
93%
316 000 000 $ 2018 Anthony et Joe Russo Avengers : Infinity War
73%
386 000 000 $ 2015 Joss Whedon Avengers : l’ère d’Ultron
34%
300 000 000 $ 2017 Zack Snyder Justice League
34%
300 000 000 $ 2007 Gore Verbinski Pirates des Caraïbes : jusqu’au bout du monde
22%
422 000 000 $ 2011 Rob Marshall Pirates des Caraïbes : la fontaine de jouvence
20%
340 000 000 $ 2023 Louis Leterrier Fast X
15%
275 000 000 $ 2019 J. J. Abrams Star Wars : l’ascension de Skywalker
12%
264 000 000 $ 2012 Andrew Stanton John Carter
5%
275 000 000 $ 2018 Ron Howard Solo : A Star War Story
0%
Aucun quiz correspondant
Distribution des résultats
% des personnes avec chaque résultat
Percentile par nombre de réponses
Votre historique - résultats
Vous n’avez pas pris ce quiz